Tous les sites UNESCO d'Autriche sur une carte - Statistiques

Statistiques générales
  • Ce quiz a été pris 23 fois
  • Le résultat moyen est 7 sur 12
Réponses sur la Carte
Les réponses sont colorées sur une échelle allant du rouge au vert en fonction du pourcentage des utilisateurs qui les ont devinées à leur premier essai. Vous pouvez retrouver ces pourcentages ci-dessous.
 
Statistiques - réponses
Réponse % Correct
Centre historique de la ville de Salzbourg
83%
Les frontières de l’Empire romain – le limes du Danube
83%
Palais et jardins de Schönbrunn
78%
Ville de Graz – Centre historique et château d’Eggenberg
78%
Centre historique de Vienne
67%
Forêts primaires et anciennes de hêtres d’Europe
67%
Sites palafittiques préhistoriques autour des Alpes
67%
Les grandes villes d’eaux d’Europe (Baden bei Wien)
56%
Ligne de chemin de fer de Semmering
56%
Paysage culturel de Fertö / Neusiedlersee
44%
Paysage culturel de la Wachau
33%
Paysage culturel de Hallstatt-Dachstein / Salzkammergut
28%
Aucun quiz correspondant
Distribution des résultats
% des personnes avec chaque résultat
Percentile par nombre de réponses
Votre historique - résultats
Vous n’avez pas pris ce quiz